[Event "V4Liptov2018"]
[Site "?"]
[Date "2018.06.23"]
[Round "2.18"]
[White "Volaninova, Sarka"]
[Black "Oplustil, Pavel"]
[Result "1-0"]
[BlackElo "1328"]
[WhiteElo "1680"]
[LiveChessVersion "1.4.8"]

1. e4 {[%clk 1:00:58]} d5 {[%clk 1:00:54]} 2. exd5 {[%clk 1:01:10]} Nf6
{[%clk 1:01:07]} 3. d4 {[%clk 1:00:32]} Nxd5 {[%clk 1:01:24]} 4. Nf3
{[%clk 0:59:15]} g6 {[%clk 1:01:35]} 5. Bd3 {[%clk 0:57:23]} Bg7 {[%clk 1:00:24]}
6. c3 {[%clk 0:57:12]} Nc6 {[%clk 0:58:19]} 7. h3 {[%clk 0:55:29]} O-O
{[%clk 0:54:37]} 8. O-O {[%clk 0:55:15]} e5 9. dxe5 {[%clk 0:52:33]} Nxe5
{[%clk 0:51:15]} 10. Nxe5 {[%clk 0:51:53]} Bxe5 {[%clk 0:51:36]} 11. Bh6
{[%clk 0:50:24]} Re8 {[%clk 0:46:19]} 12. Qf3 {[%clk 0:48:18]} c6
{[%clk 0:43:20]} 13. Na3 {[%clk 0:42:39]} Qh4 {[%clk 0:43:00]} 14. Bd2
{[%clk 0:39:10]} Nf6 {[%clk 0:36:00]} 15. Bc4 {[%clk 0:30:01]} Bg4
{[%clk 0:34:50]} 16. Bg5 {[%clk 0:28:03]} Qxg5 {[%clk 0:33:45]} 17. hxg4
{[%clk 0:28:23]} Qxg4 {[%clk 0:28:05]} 18. Qxg4 {[%clk 0:26:33]} Nxg4
{[%clk 0:28:27]} 19. g3 {[%clk 0:24:25]} Rad8 {[%clk 0:25:40]} 20. Rad1
{[%clk 0:23:29]} Nf6 {[%clk 0:16:38]} 21. Rfe1 {[%clk 0:21:11]} b5
{[%clk 0:13:26]} 22. Rxd8 {[%clk 0:19:03]} Rxd8 {[%clk 0:12:56]} 23. Rxe5
{[%clk 0:19:08]} bxc4 {[%clk 0:12:55]} 24. Nxc4 {[%clk 0:19:27]} Nd5
{[%clk 0:12:50]} 25. Na5 {[%clk 0:16:04]} Rd6 {[%clk 0:10:38]} 26. Nxc6
{[%clk 0:15:46]} Nxc3 {[%clk 0:08:10]} 27. Ne7+ {[%clk 0:15:52]} Kf8
{[%clk 0:08:22]} 28. bxc3 {[%clk 0:16:13]} Rd1+ {[%clk 0:07:57]} 29. Kg2
{[%clk 0:16:30]} Rc1 {[%clk 0:08:20]} 30. Re2 {[%clk 0:09:56]} Rxc3
{[%clk 0:07:49]} 31. Nd5 {[%clk 0:10:10]} Rc5 {[%clk 0:07:35]} 32. Nf6
{[%clk 0:10:19]} Kg7 {[%clk 0:07:30]} 33. Ne4 {[%clk 0:09:33]} Re5
{[%clk 0:07:35]} 34. Nc3 {[%clk 0:09:08]} Rc5 {[%clk 0:07:57]} 35. Re3
{[%clk 0:09:06]} a6 {[%clk 0:07:27]} 36. Kf3 {[%clk 0:07:07]} f5 {[%clk 0:07:26]}
37. Ke2 {[%clk 0:06:58]} Kf6 {[%clk 0:07:42]} 38. Kd3 {[%clk 0:06:57]} Rc8
{[%clk 0:05:52]} 39. f4 {[%clk 0:05:58]} Rd8+ {[%clk 0:05:40]} 40. Ke2
{[%clk 0:04:49]} Rd6 {[%clk 0:05:25]} 41. Rd3 {[%clk 0:04:50]} Re6+
{[%clk 0:05:46]} 42. Kd2 {[%clk 0:05:15]} Rc6 {[%clk 0:05:47]} 43. Rd7
{[%clk 0:04:48]} h5 {[%clk 0:05:54]} 44. Ne2 {[%clk 0:02:02]} Rb6
{[%clk 0:05:48]} 45. Kc2 {[%clk 0:01:20]} Rc6+ {[%clk 0:06:14]} 46. Nc3
{[%clk 0:01:26]} a5 {[%clk 0:06:00]} 47. Ra7 {[%clk 0:01:23]} Rc5
{[%clk 0:06:00]} 48. Ra6+ {[%clk 0:01:39]} Kf7 {[%clk 0:06:17]} 49. Kd3
{[%clk 0:01:57]} Rc7 {[%clk 0:06:19]} 50. Rxa5 {[%clk 0:02:16]} Rd7+
{[%clk 0:06:42]} 51. Rd5 {[%clk 0:02:29]} Ra7 {[%clk 0:06:53]} 52. a4
{[%clk 0:02:31]} Ke6 {[%clk 0:07:16]} 53. Re5+ {[%clk 0:02:50]} Kf6
{[%clk 0:06:47]} 54. a5 {[%clk 0:02:10]} Rd7+ {[%clk 0:07:11]} 55. Nd5+
{[%clk 0:02:02]} Kf7 {[%clk 0:07:23]} 56. Re7+ {[%clk 0:01:48]} Rxe7
{[%clk 0:07:47]} 57. Nxe7 {[%clk 0:02:14]} Kxe7 {[%clk 0:08:12]} 58. a6
{[%clk 0:02:41]} 1-0

[Event "V4Liptov2018"]
[Site "?"]
[Date "2018.06.23"]
[Round "2.21"]
[White "Kuchar, Matej"]
[Black "Pogadl, Jakub"]
[Result "1-0"]
[BlackElo "1647"]
[WhiteElo "2174"]
[LiveChessVersion "1.4.8"]

1. e4 {[%clk 1:00:57]} c5 {[%clk 1:00:51]} 2. Nf3 {[%clk 1:01:23]} Nc6
{[%clk 1:01:12]} 3. d4 {[%clk 1:01:49]} cxd4 {[%clk 1:01:37]} 4. Nxd4
{[%clk 1:02:17]} Nf6 {[%clk 1:01:37]} 5. Nc3 {[%clk 1:02:43]} e5 {[%clk 1:01:58]}
6. Ndb5 {[%clk 1:03:05]} d6 {[%clk 1:02:14]} 7. Bg5 {[%clk 1:03:31]} a6
{[%clk 1:01:34]} 8. Na3 {[%clk 1:03:51]} Be6 {[%clk 1:01:19]} 9. Nc4
{[%clk 1:03:34]} Rc8 {[%clk 1:00:26]} 10. Bxf6 {[%clk 1:00:36]} gxf6
{[%clk 1:00:45]} 11. Nd5 {[%clk 0:48:14]} f5 {[%clk 0:53:57]} 12. exf5
{[%clk 0:41:28]} Bxf5 {[%clk 0:53:24]} 13. Nce3 {[%clk 0:40:59]} Bg6
{[%clk 0:52:11]} 14. Be2 {[%clk 0:24:19]} Bh6 {[%clk 0:48:43]} 15. Bg4
{[%clk 0:22:39]} Rb8 {[%clk 0:46:53]} 16. O-O {[%clk 0:22:52]} O-O
{[%clk 0:44:18]} 17. Qf3 {[%clk 0:16:56]} Nd4 {[%clk 0:38:41]} 18. Qh3
{[%clk 0:16:07]} Bg7 {[%clk 0:34:29]} 19. Nf5 {[%clk 0:11:20]} Nxf5
{[%clk 0:31:56]} 20. Bxf5 {[%clk 0:11:42]} Bxf5 {[%clk 0:31:53]} 21. Qxf5
{[%clk 0:12:04]} Rc8 {[%clk 0:31:03]} 22. Qxc8 {[%clk 0:12:26]} Qxc8
{[%clk 0:29:48]} 23. Ne7+ {[%clk 0:12:55]} Kh8 {[%clk 0:30:08]} 24. Nxc8
{[%clk 0:13:23]} Rxc8 {[%clk 0:30:26]} 25. c3 {[%clk 0:13:49]} Bh6
{[%clk 0:28:47]} 26. Rad1 {[%clk 0:14:13]} Rd8 {[%clk 0:28:52]} 27. Rfe1
{[%clk 0:14:37]} Bg7 {[%clk 0:29:08]} 28. Rd5 {[%clk 0:15:03]} Kg8
{[%clk 0:29:13]} 29. Red1 {[%clk 0:15:32]} Bf8 {[%clk 0:28:30]} 30. Rxe5
{[%clk 0:16:00]} Be7 {[%clk 0:28:29]} 31. Rxe7 {[%clk 0:16:28]} 1-0

[Event "V4Liptov2018"]
[Site "?"]
[Date "2018.06.23"]
[Round "2.22"]
[White "Taragel, Marian"]
[Black "Vantuch, Lucian"]
[Result "0-1"]
[BlackElo "1956"]
[WhiteElo "1609"]
[LiveChessVersion "1.4.8"]

1. e4 {[%clk 1:00:54]} c5 {[%clk 1:00:54]} 2. Nf3 {[%clk 1:00:38]} e6
{[%clk 1:01:18]} 3. d4 {[%clk 1:00:13]} cxd4 {[%clk 1:01:40]} 4. Nxd4
{[%clk 0:59:48]} a6 {[%clk 1:02:05]} 5. c4 {[%clk 0:57:36]} Nf6 {[%clk 1:00:08]}
6. Nc3 {[%clk 0:55:41]} Bb4 {[%clk 0:57:53]} 7. f3 {[%clk 0:52:34]} O-O
{[%clk 0:51:20]} 8. Be3 {[%clk 0:49:01]} Qa5 {[%clk 0:48:52]} 9. Qc2
{[%clk 0:46:31]} Nc6 {[%clk 0:47:33]} 10. Nb3 {[%clk 0:43:32]} Qc7
{[%clk 0:46:09]} 11. O-O-O {[%clk 0:40:12]} Rd8 {[%clk 0:40:07]} 12. a3
{[%clk 0:35:21]} Bxc3 {[%clk 0:38:03]} 13. Qxc3 {[%clk 0:34:30]} d5
{[%clk 0:35:17]} 14. cxd5 {[%clk 0:32:48]} exd5 {[%clk 0:35:39]} 15. Bd4
{[%clk 0:27:44]} dxe4 {[%clk 0:25:57]} 16. Bxf6 {[%clk 0:26:57]} Qf4+
{[%clk 0:25:58]} 17. Kc2 {[%clk 0:25:14]} Rxd1 {[%clk 0:26:16]} 18. Kxd1
{[%clk 0:24:53]} gxf6 {[%clk 0:26:37]} 19. fxe4 {[%clk 0:22:48]} Bg4+
{[%clk 0:26:04]} 20. Be2 {[%clk 0:22:04]} Rd8+ {[%clk 0:25:38]} 21. Nd2
{[%clk 0:20:49]} Nd4 {[%clk 0:24:40]} 22. Bxg4 {[%clk 0:19:58]} Qxg4+
{[%clk 0:25:04]} 0-1

[Event "V4Liptov2018"]
[Site "?"]
[Date "2018.06.23"]
[Round "2.23"]
[White "Frank, Adam"]
[Black "Ciglian, Michal"]
[Result "1/2-1/2"]
[BlackElo "1518"]
[WhiteElo "1993"]
[LiveChessVersion "1.4.8"]

1. e4 {[%clk 1:00:58]} e5 {[%clk 1:00:56]} 2. Nf3 {[%clk 1:01:26]} Nc6
{[%clk 1:01:23]} 3. Bb5 {[%clk 1:01:53]} a6 {[%clk 1:01:38]} 4. Ba4
{[%clk 1:02:21]} Nf6 {[%clk 1:01:51]} 5. O-O {[%clk 1:02:46]} Nxe4
{[%clk 1:01:58]} 6. d4 {[%clk 1:03:12]} exd4 {[%clk 1:01:42]} 7. Re1
{[%clk 1:03:25]} d5 {[%clk 1:01:34]} 8. Ne5 {[%clk 1:02:38]} b5 {[%clk 0:59:59]}
9. Nxc6 {[%clk 1:02:50]} Qf6 {[%clk 0:59:53]} 10. Bxb5 {[%clk 0:56:48]} axb5
{[%clk 0:59:48]} 11. Nxd4 {[%clk 0:56:39]} Qxf2+ {[%clk 0:59:50]} 12. Kh1
{[%clk 0:57:07]} Bc5 {[%clk 0:59:46]} 13. Be3 {[%clk 0:55:23]} Bg4
{[%clk 1:00:02]} 14. Bxf2 {[%clk 0:53:54]} Bxd1 {[%clk 1:00:21]} 15. Nc3
{[%clk 0:54:04]} Bxc2 {[%clk 1:00:26]} 16. Rac1 {[%clk 0:53:34]} O-O
{[%clk 0:59:55]} 17. Nxe4 {[%clk 0:53:40]} Bxd4 {[%clk 0:59:15]} 18. Rxc2
{[%clk 0:54:00]} Bxf2 {[%clk 0:58:55]} 19. Nxf2 {[%clk 0:54:27]} Rxa2
{[%clk 0:59:16]} 20. Nd3 {[%clk 0:54:05]} Ra7 {[%clk 0:59:23]} 21. Rc5
{[%clk 0:53:26]} g6 {[%clk 0:58:33]} 22. Rxd5 {[%clk 0:53:26]} c6
{[%clk 0:58:49]} 23. Rd6 {[%clk 0:53:30]} Rc7 {[%clk 0:59:04]} 24. Rc1
{[%clk 0:53:16]} Rfc8 {[%clk 0:59:12]} 25. Nc5 {[%clk 0:52:57]} Kf8
{[%clk 0:59:05]} 26. h3 {[%clk 0:52:46]} Ke7 {[%clk 0:59:17]} 27. Rcd1
{[%clk 0:53:11]} Ra8 {[%clk 0:59:16]} 28. Kh2 {[%clk 0:52:06]} Ra2
{[%clk 0:59:34]} 29. R6d2 {[%clk 0:50:34]} Kf6 {[%clk 0:59:16]} 30. Rf1+
{[%clk 0:48:04]} Kg7 {[%clk 0:59:37]} 31. Re1 {[%clk 0:46:44]} Ra8
{[%clk 0:58:23]} 32. Rd6 {[%clk 0:45:11]} Ra2 {[%clk 0:58:00]} 33. Re2
{[%clk 0:45:12]} Ra1 {[%clk 0:58:18]} 34. Rc2 {[%clk 0:41:54]} Kf8
{[%clk 0:58:34]} 35. Nb3 {[%clk 0:38:54]} Ke7 {[%clk 0:58:28]} 36. Rdxc6
{[%clk 0:38:31]} Rxc6 {[%clk 0:58:37]} 37. Rxc6 {[%clk 0:38:55]} Rb1
{[%clk 0:58:57]} 38. Rc2 {[%clk 0:39:11]} h5 {[%clk 0:58:41]} 39. Nd4
{[%clk 0:37:31]} b4 {[%clk 0:58:00]} 40. Nc6+ {[%clk 0:37:58]} Ke6
{[%clk 0:58:10]} 41. Nxb4 {[%clk 0:38:24]} g5 {[%clk 0:57:27]} 42. Kg3
{[%clk 0:38:22]} f5 {[%clk 0:57:36]} 43. Nc6 {[%clk 0:35:31]} h4+
{[%clk 0:57:18]} 44. Kf3 {[%clk 0:35:07]} Rf1+ {[%clk 0:57:36]} 45. Ke2
{[%clk 0:35:33]} Rg1 {[%clk 0:57:57]} 46. Kf2 {[%clk 0:36:01]} Rb1
{[%clk 0:58:16]} 47. b4 {[%clk 0:36:25]} g4 {[%clk 0:58:13]} 48. hxg4
{[%clk 0:32:22]} fxg4 {[%clk 0:58:29]} 49. Ke3 {[%clk 0:28:23]} h3
{[%clk 0:57:46]} 50. gxh3 {[%clk 0:28:48]} gxh3 {[%clk 0:58:02]} 51. Kf3
{[%clk 0:29:15]} Rb3+ {[%clk 0:58:22]} 52. Ke4 {[%clk 0:26:09]} Kd6
{[%clk 0:58:23]} 53. Kd4 {[%clk 0:19:19]} h2 {[%clk 0:58:27]} 54. Rxh2
{[%clk 0:19:45]} Kxc6 {[%clk 0:58:51]} 55. Kc4 {[%clk 0:20:09]} Re3
{[%clk 0:58:51]} 56. b5+ {[%clk 0:20:05]} Kb6 {[%clk 0:58:47]} 57. Rh6+
{[%clk 0:20:29]} Kb7 {[%clk 0:59:09]} 58. Kb4 {[%clk 0:15:46]} Re4+
{[%clk 0:59:10]} 59. Ka5 {[%clk 0:15:47]} Re7 {[%clk 0:59:25]} 60. Rh5
{[%clk 0:15:29]} Ka7 {[%clk 0:59:13]} 61. b6+ {[%clk 0:15:31]} Kb7
{[%clk 0:59:22]} 62. Kb5 {[%clk 0:15:50]} Rg7 {[%clk 0:59:41]} 63. Rf5
{[%clk 0:14:05]} 1/2-1/2

[Event "V4Liptov2018"]
[Site "?"]
[Date "2018.06.23"]
[Round "2.24"]
[White "Subjakova, Kristina"]
[Black "Laurincova, Kristyna"]
[Result "0-1"]
[BlackElo "1953"]
[WhiteElo "1526"]
[LiveChessVersion "1.4.8"]

1. e4 {[%clk 1:00:58]} c5 {[%clk 1:00:54]} 2. Nf3 {[%clk 1:01:25]} Nc6
{[%clk 1:01:18]} 3. d4 {[%clk 1:01:50]} cxd4 {[%clk 1:01:44]} 4. Nxd4
{[%clk 1:02:16]} g6 {[%clk 1:02:09]} 5. Nc3 {[%clk 1:02:38]} Bg7 {[%clk 1:02:34]}
6. Be3 {[%clk 1:03:01]} Nf6 {[%clk 1:03:00]} 7. f3 {[%clk 1:03:21]} O-O
{[%clk 1:03:23]} 8. Bc4 {[%clk 1:03:46]} d6 {[%clk 1:00:50]} 9. Qd2
{[%clk 1:04:06]} Bd7 {[%clk 1:01:00]} 10. O-O-O {[%clk 1:04:27]} Rb8
{[%clk 0:59:20]} 11. g4 {[%clk 1:04:12]} Ne5 {[%clk 0:57:59]} 12. Bb3
{[%clk 1:04:30]} b5 {[%clk 0:58:02]} 13. a3 {[%clk 1:04:19]} Nc4 {[%clk 0:56:49]}
14. Bxc4 {[%clk 1:04:23]} bxc4 {[%clk 0:57:17]} 15. h4 {[%clk 1:04:15]} Qb6
{[%clk 0:55:08]} 16. b4 {[%clk 1:01:43]} cxb3 {[%clk 0:51:32]} 17. Nxb3
{[%clk 1:00:58]} Qb7 {[%clk 0:42:20]} 18. h5 {[%clk 1:01:00]} Rfc8
{[%clk 0:41:55]} 19. hxg6 {[%clk 0:59:37]} fxg6 {[%clk 0:41:52]} 20. g5
{[%clk 0:56:56]} Nxe4 {[%clk 0:34:17]} 21. Qd5+ {[%clk 0:56:09]} Qxd5
{[%clk 0:22:32]} 22. Nxd5 {[%clk 0:56:29]} Rxb3 {[%clk 0:22:51]} 23. Nxe7+
{[%clk 0:56:45]} Kf7 {[%clk 0:22:32]} 24. Nxc8 {[%clk 0:57:06]} Bb2+
{[%clk 0:22:56]} 25. Kb1 {[%clk 0:57:13]} Nc3# 0-1

[Event "V4Liptov2018"]
[Site "?"]
[Date "2018.06.23"]
[Round "2.25"]
[White "Chwistek, Karel"]
[Black "Sosovicka, Jakub"]
[Result "0-1"]
[BlackElo "2078"]
[WhiteElo "2045"]
[LiveChessVersion "1.4.8"]

1. e4 {[%clk 1:00:57]} c5 {[%clk 1:00:53]} 2. Nf3 {[%clk 1:01:22]} d6
{[%clk 1:01:19]} 3. d4 {[%clk 1:01:48]} cxd4 {[%clk 1:01:44]} 4. Nxd4
{[%clk 1:02:15]} Nf6 {[%clk 1:02:06]} 5. Nc3 {[%clk 1:02:41]} a6 {[%clk 1:02:28]}
6. f3 {[%clk 1:02:26]} e5 {[%clk 1:01:32]} 7. Nb3 {[%clk 1:02:40]} Be6
{[%clk 1:01:03]} 8. Bg5 {[%clk 0:52:48]} Nbd7 {[%clk 0:58:03]} 9. Qd2
{[%clk 0:49:22]} Be7 {[%clk 0:56:37]} 10. O-O-O {[%clk 0:47:18]} O-O
{[%clk 0:55:25]} 11. g4 {[%clk 0:42:07]} b5 {[%clk 0:53:05]} 12. h4
{[%clk 0:40:09]} b4 {[%clk 0:49:55]} 13. Nd5 {[%clk 0:38:10]} Bxd5
{[%clk 0:49:34]} 14. exd5 {[%clk 0:38:35]} a5 {[%clk 0:48:22]} 15. Kb1
{[%clk 0:37:41]} Qc7 {[%clk 0:40:55]} 16. h5 {[%clk 0:29:08]} a4 {[%clk 0:39:31]}
17. Nc1 {[%clk 0:27:52]} b3 {[%clk 0:33:19]} 18. cxb3 {[%clk 0:27:02]} axb3
{[%clk 0:31:46]} 19. Nxb3 {[%clk 0:27:18]} Qa7 {[%clk 0:30:05]} 20. Nc1
{[%clk 0:24:34]} Rfb8 {[%clk 0:21:04]} 21. Bc4 {[%clk 0:22:07]} e4
{[%clk 0:18:27]} 22. Be3 {[%clk 0:18:22]} Qc7 {[%clk 0:17:07]} 23. Bb3
{[%clk 0:17:10]} exf3 {[%clk 0:16:04]} 24. Bd4 {[%clk 0:13:44]} Nc5
{[%clk 0:14:01]} 25. Bxc5 {[%clk 0:09:55]} Qxc5 {[%clk 0:09:42]} 26. Qd4
{[%clk 0:10:03]} Qb4 {[%clk 0:07:41]} 27. Rhe1 {[%clk 0:08:18]} Bf8
{[%clk 0:02:41]} 28. Rf1 {[%clk 0:07:15]} Nxg4 {[%clk 0:01:03]} 29. Rxf3
{[%clk 0:07:09]} Be7 {[%clk 0:00:42]} 30. Rf4 {[%clk 0:04:16]} Qxd4
{[%clk 0:00:38]} 31. Rfxd4 {[%clk 0:04:21]} Ne5 {[%clk 0:00:46]} 32. Nd3
{[%clk 0:04:03]} Nxd3 {[%clk 0:00:48]} 33. R1xd3 {[%clk 0:04:29]} Bf6
{[%clk 0:00:59]} 34. Re4 {[%clk 0:04:43]} Rc8 {[%clk 0:00:46]} 35. Ba4
{[%clk 0:04:02]} Rab8 {[%clk 0:00:35]} 36. b3 {[%clk 0:04:16]} Rc5
{[%clk 0:00:35]} 37. Bc6 {[%clk 0:04:22]} Be5 {[%clk 0:00:36]} 38. Re2
{[%clk 0:03:28]} g6 {[%clk 0:00:34]} 39. hxg6 {[%clk 0:03:52]} hxg6
{[%clk 0:00:47]} 40. Rc2 {[%clk 0:03:56]} Rxc2 {[%clk 0:00:33]} 41. Kxc2
{[%clk 0:04:22]} g5 {[%clk 0:00:39]} 42. a4 {[%clk 0:04:48]} g4 {[%clk 0:00:35]}
43. a5 {[%clk 0:04:32]} g3 {[%clk 0:01:02]} 44. Rd2 {[%clk 0:04:48]} f5
{[%clk 0:00:53]} 45. a6 {[%clk 0:04:12]} f4 {[%clk 0:01:16]} 46. a7
{[%clk 0:04:38]} Rc8 {[%clk 0:00:44]} 47. Kd1 {[%clk 0:03:14]} f3
{[%clk 0:00:40]} 48. Ke1 {[%clk 0:02:57]} Bc3 {[%clk 0:00:53]} 0-1

[Event "V4Liptov2018"]
[Site "?"]
[Date "2018.06.23"]
[Round "2.26"]
[White "Krupa, Miroslav"]
[Black "Havel, Kristian"]
[Result "0-1"]
[BlackElo "1522"]
[WhiteElo "2037"]
[LiveChessVersion "1.4.8"]

1. d4 {[%clk 1:00:56]} f5 {[%clk 1:00:53]} 2. Bf4 {[%clk 1:01:11]} Nf6
{[%clk 1:01:08]} 3. e3 {[%clk 1:01:26]} e6 {[%clk 1:01:26]} 4. Nd2
{[%clk 1:00:11]} c6 {[%clk 1:01:41]} 5. Bd3 {[%clk 0:56:36]} d5 {[%clk 1:01:43]}
6. h3 {[%clk 0:50:33]} Bd6 {[%clk 1:00:59]} 7. Bxd6 {[%clk 0:50:27]} Qxd6
{[%clk 1:01:09]} 8. Ngf3 {[%clk 0:50:53]} O-O {[%clk 0:59:08]} 9. O-O
{[%clk 0:50:07]} Nbd7 {[%clk 0:58:51]} 10. c4 {[%clk 0:46:55]} Ne4
{[%clk 0:58:19]} 11. c5 {[%clk 0:44:57]} Qe7 {[%clk 0:57:12]} 12. b4
{[%clk 0:44:44]} e5 {[%clk 0:56:50]} 13. dxe5 {[%clk 0:41:30]} Nxe5
{[%clk 0:56:48]} 14. Nxe5 {[%clk 0:41:52]} Qxe5 {[%clk 0:51:17]} 15. Qc2
{[%clk 0:30:46]} Bd7 {[%clk 0:49:29]} 16. Nf3 {[%clk 0:30:45]} Qe7
{[%clk 0:48:51]} 17. Rfe1 {[%clk 0:24:02]} g5 {[%clk 0:35:30]} 18. Qb2
{[%clk 0:19:12]} Rae8 {[%clk 0:24:02]} 19. Rad1 {[%clk 0:09:56]} g4
{[%clk 0:19:58]} 20. hxg4 {[%clk 0:04:40]} fxg4 {[%clk 0:20:06]} 21. Bxe4
{[%clk 0:03:50]} Qxe4 {[%clk 0:19:20]} 22. Rd4 {[%clk 0:03:00]} Qe7
{[%clk 0:17:57]} 23. Nh2 {[%clk 0:02:00]} h5 {[%clk 0:12:30]} 24. Qd2
{[%clk 0:00:53]} Rf6 {[%clk 0:09:32]} 0-1

[Event "V4Liptov2018"]
[Site "?"]
[Date "2018.06.23"]
[Round "2.27"]
[White "Gemsova, Tereza"]
[Black "Ocko, Dominik"]
[Result "0-1"]
[BlackElo "1971"]
[WhiteElo "1578"]
[LiveChessVersion "1.4.8"]

1. e4 {[%clk 1:00:59]} b6 {[%clk 1:00:50]} 2. d4 {[%clk 1:01:19]} e6
{[%clk 1:01:14]} 3. Nf3 {[%clk 1:01:24]} Bb7 {[%clk 1:01:32]} 4. Bd3
{[%clk 1:01:37]} Nf6 {[%clk 1:01:32]} 5. Nbd2 {[%clk 1:00:45]} d5
{[%clk 0:57:11]} 6. e5 {[%clk 0:59:38]} Ne4 {[%clk 0:57:26]} 7. Qe2
{[%clk 0:56:58]} Nxd2 {[%clk 0:56:27]} 8. Bxd2 {[%clk 0:52:36]} c5
{[%clk 0:55:59]} 9. c3 {[%clk 0:50:31]} Nc6 {[%clk 0:52:39]} 10. Rc1
{[%clk 0:47:53]} Be7 {[%clk 0:50:45]} 11. O-O {[%clk 0:47:05]} c4
{[%clk 0:49:41]} 12. Bc2 {[%clk 0:45:31]} b5 {[%clk 0:49:32]} 13. Ne1
{[%clk 0:44:13]} b4 {[%clk 0:46:05]} 14. b3 {[%clk 0:43:06]} bxc3
{[%clk 0:42:53]} 15. Bxc3 {[%clk 0:43:13]} Ba6 {[%clk 0:41:04]} 16. bxc4
{[%clk 0:42:22]} Bxc4 {[%clk 0:41:28]} 17. Bd3 {[%clk 0:42:42]} Bxd3
{[%clk 0:39:09]} 18. Nxd3 {[%clk 0:42:19]} O-O {[%clk 0:38:54]} 19. f4
{[%clk 0:40:24]} Qb6 {[%clk 0:34:54]} 20. Qf2 {[%clk 0:39:51]} f5
{[%clk 0:31:46]} 21. exf6 {[%clk 0:35:30]} Bxf6 {[%clk 0:31:51]} 22. Ne5
{[%clk 0:35:05]} Bxe5 {[%clk 0:30:30]} 23. dxe5 {[%clk 0:35:22]} Rf7
{[%clk 0:28:06]} 24. Rb1 {[%clk 0:28:55]} Qxf2+ {[%clk 0:28:10]} 25. Rxf2
{[%clk 0:29:00]} Raf8 {[%clk 0:26:02]} 26. g3 {[%clk 0:28:29]} g5
{[%clk 0:22:40]} 27. Rbf1 {[%clk 0:27:58]} gxf4 {[%clk 0:21:06]} 28. gxf4
{[%clk 0:25:29]} Ne7 {[%clk 0:19:04]} 29. Bb4 {[%clk 0:23:59]} Rg7+
{[%clk 0:18:22]} 30. Kh1 {[%clk 0:19:35]} Rf5 {[%clk 0:16:31]} 31. Bxe7
{[%clk 0:18:45]} Rxe7 {[%clk 0:16:54]} 32. Rg1+ {[%clk 0:17:29]} Rg7
{[%clk 0:17:14]} 33. Rg3 {[%clk 0:16:34]} Rg6 {[%clk 0:12:13]} 34. Kg2
{[%clk 0:12:45]} Kg7 {[%clk 0:10:36]} 35. Kf3 {[%clk 0:07:56]} Rf7
{[%clk 0:09:26]} 36. Rd2 {[%clk 0:07:16]} Kf8 {[%clk 0:07:29]} 37. Ke3
{[%clk 0:05:55]} Rh6 {[%clk 0:05:30]} 38. Rgg2 {[%clk 0:05:37]} Rh4
{[%clk 0:03:37]} 39. Rgf2 {[%clk 0:04:26]} Rh3+ {[%clk 0:03:39]} 40. Ke2
{[%clk 0:04:27]} Ra3 {[%clk 0:02:06]} 41. Rf3 {[%clk 0:03:35]} Ra4
{[%clk 0:01:31]} 42. Ke3 {[%clk 0:03:31]} Re4+ {[%clk 0:01:52]} 43. Kd3
{[%clk 0:02:34]} Rexf4 {[%clk 0:01:53]} 44. Rxf4 {[%clk 0:01:51]} Rxf4
{[%clk 0:02:20]} 45. Re2 {[%clk 0:02:13]} Kf7 {[%clk 0:02:14]} 46. Rc2
{[%clk 0:02:00]} Kg6 {[%clk 0:02:01]} 47. Rc7 {[%clk 0:01:32]} Rf7
{[%clk 0:02:00]} 48. Rc2 {[%clk 0:00:47]} Rf3+ {[%clk 0:01:10]} 49. Kd4
{[%clk 0:00:37]} Kf5 {[%clk 0:01:24]} 50. Re2 {[%clk 0:00:45]} Rf4+
{[%clk 0:00:53]} 51. Kc5 {[%clk 0:00:34]} Re4 {[%clk 0:01:14]} 52. Rb2
{[%clk 0:00:38]} Kxe5 {[%clk 0:01:27]} 53. Kb5 {[%clk 0:00:47]} Kd6
{[%clk 0:00:48]} 54. Ka6 {[%clk 0:01:07]} Ra4+ {[%clk 0:01:08]} 55. Kb5
{[%clk 0:01:15]} Rc4 {[%clk 0:01:26]} 56. Ka6 {[%clk 0:01:31]} Rc7
{[%clk 0:01:46]} 57. Rb7 {[%clk 0:01:51]} Rxb7 {[%clk 0:02:11]} 58. Kxb7
{[%clk 0:01:34]} d4 {[%clk 0:02:28]} 59. a4 {[%clk 0:01:55]} d3 {[%clk 0:02:24]}
60. a5 {[%clk 0:02:18]} d2 {[%clk 0:02:51]} 61. Kxa7 {[%clk 0:02:25]} d1=Q
{[%clk 0:03:01]} 0-1

[Event "V4Liptov2018"]
[Site "?"]
[Date "2018.06.23"]
[Round "2.28"]
[White "Gresova, Zuzana"]
[Black "Andel, Vit"]
[Result "0-1"]
[BlackElo "1520"]
[WhiteElo "1920"]
[LiveChessVersion "1.4.8"]

1. d4 {[%clk 1:00:57]} d5 {[%clk 1:00:42]} 2. c4 {[%clk 1:01:19]} e6
{[%clk 1:00:57]} 3. Nc3 {[%clk 1:01:32]} Nf6 {[%clk 1:01:17]} 4. cxd5
{[%clk 1:01:41]} exd5 {[%clk 1:01:18]} 5. Bg5 {[%clk 1:01:55]} Be7
{[%clk 1:00:59]} 6. e3 {[%clk 1:01:47]} Be6 {[%clk 1:01:09]} 7. Bd3
{[%clk 1:01:14]} Nbd7 {[%clk 0:59:22]} 8. Nge2 {[%clk 0:59:45]} h6
{[%clk 0:59:41]} 9. Bh4 {[%clk 0:58:28]} O-O {[%clk 0:59:14]} 10. O-O
{[%clk 0:57:22]} c6 {[%clk 0:58:25]} 11. Bc2 {[%clk 0:52:29]} Nh7
{[%clk 0:54:56]} 12. Bxe7 {[%clk 0:51:20]} Qxe7 {[%clk 0:55:04]} 13. Qd3
{[%clk 0:49:52]} Ndf6 {[%clk 0:53:09]} 14. Rab1 {[%clk 0:47:31]} Rfe8
{[%clk 0:53:15]} 15. b4 {[%clk 0:44:36]} a6 {[%clk 0:52:16]} 16. a4
{[%clk 0:41:30]} b5 {[%clk 0:50:54]} 17. a5 {[%clk 0:35:43]} Bd7 {[%clk 0:46:33]}
18. Nf4 {[%clk 0:32:56]} Ng5 {[%clk 0:44:32]} 19. Rfe1 {[%clk 0:29:24]} Nge4
{[%clk 0:42:24]} 20. f3 {[%clk 0:28:29]} Nd6 {[%clk 0:38:59]} 21. Qd1
{[%clk 0:23:16]} Nc4 {[%clk 0:32:02]} 22. e4 {[%clk 0:20:56]} dxe4
{[%clk 0:31:49]} 23. fxe4 {[%clk 0:15:22]} Na3 {[%clk 0:29:13]} 24. Rb2
{[%clk 0:13:49]} Nxc2 {[%clk 0:29:08]} 25. Qxc2 {[%clk 0:13:20]} Qd6
{[%clk 0:29:06]} 26. Qd2 {[%clk 0:13:11]} Qe7 {[%clk 0:19:33]} 27. Nd3
{[%clk 0:11:45]} Red8 {[%clk 0:16:32]} 28. Nc5 {[%clk 0:10:27]} Ne8
{[%clk 0:16:38]} 29. e5 {[%clk 0:07:51]} Be6 {[%clk 0:15:54]} 30. N3e4
{[%clk 0:05:03]} Nc7 {[%clk 0:15:39]} 31. Re3 {[%clk 0:04:02]} Nd5
{[%clk 0:15:09]} 32. Rg3 {[%clk 0:04:04]} Qh4 {[%clk 0:13:08]} 33. Nd6
{[%clk 0:03:29]} Qf4 {[%clk 0:12:02]} 34. Qd1 {[%clk 0:02:49]} Ne3
{[%clk 0:11:03]} 35. Qd2 {[%clk 0:01:52]} Qf1# {[%clk 0:10:52]} 0-1